Qosqo, centro del mundo : (Record no. 18863)

000 -CABECERA
fixed length control field 00982nam a22002177a 4500
003 - IDENTIFICADOR DEL NÚMERO DE CONTROL
control field AR-CdUCM
008 - DATOS DE LONGITUD FIJA--INFORMACIÓN GENERAL
fixed length control field 190515b ||||| |||| 00| 0 spa d
040 ## - FUENTE DE LA CATALOGACIÓN
Agencia/entidad que catalogó originalmente la obra MUNICIPALIDAD PROVINCIAL DEL CUSCO
Entidad que transcribió la catalogación BIBLIOTECA MUNICIPAL DEL CUSCO
082 ## - NÚMERO DE LA CLASIFICACIÓN DECIMAL DEWEY
No. de Clasificación 985.61 /
Notacion interna P21
100 ## - ENTRADA PRINCIPAL--NOMBRE DE PERSONA
Nombre Personal Palomino, Enrrique
245 ## - MENCIÓN DE TÍTULO
Título Qosqo, centro del mundo :
Resto del título una visión Cusqueña global del origen, grandeza y caída de la capital del Tawantinsuyo /
260 ## - PUBLICACIÓN, DISTRIBUCIÓN, ETC.
Lugar de publicación, distribución, etc. Cusco :
Nombre de la editorial, distribuidor, etc. Municipalidad del Qosqo,
Fecha de publicación, distribución, etc. 1993.
300 ## - DESCRIPCIÓN FÍSICA
Nº de Páginas Extensión 154 páginas ;
Otros detalles físicos ilustraciones, mapa,
Dimensiones 21 cm.
505 ## - NOTA DE CONTENIDO CON FORMATO
Nota de contenido formateada Contenido: Aspectos generales -- La fundación del Qosqo imperial -- Grandeza del Qosqo -- La ciudad puma, la primera ciudad planificada del mundo -- La organización para el desarrollo -- El avance en sus ciencias y técnicas ...
650 ## - PUNTO DE ACCESO ADICIONAL DE MATERIA--TÉRMINO DE MATERIA
Descriptor Historia
9 (RLIN) 136
650 ## - PUNTO DE ACCESO ADICIONAL DE MATERIA--TÉRMINO DE MATERIA
Descriptor Maravilla
9 (RLIN) 39740
650 ## - PUNTO DE ACCESO ADICIONAL DE MATERIA--TÉRMINO DE MATERIA
Descriptor Cusco
9 (RLIN) 772
710 ## - PUNTO DE ACCESO ADICIONAL--NOMBRE DE ENTIDAD CORPORATIVA
Nombre corporativo (En letras Mayúsculas) Municipalidad del Qosqo.
9 (RLIN) 6414
942 ## - ELEMENTOS DE PUNTO DE ACCESO ADICIONAL (KOHA)
Fuente de clasificación
Tipo de item Libros-BMC
945 ## - PROCESAMIENTO DE INFORMACIÓN LOCAL (OCLC)
Catalogador achl
AAAA-MM-DD - Fecha de ingreso o modificacion 2019-05-15
Holdings
Estado de retiro (separado) Fuente de clasificación o esquema de estanterías Estado dañado Ubicación Sala donde se ubica Nombre de la colección Fecha de adquisición o compra Costo, precio normal en soles Signatura topográfica Código de Barras Última vez visto (Koha) Tipo de ítem (Koha)
No     Sala Humanidades Sala Humanidades Book Cart 2019-05-15 30.00 985.61 / P21 SH0000013924 2019-05-15 Libros-BMC
No     Sala Humanidades Sala Humanidades Book Cart 2019-05-17 30.00 985.61 / P21 / e.2 SH0000014339 2019-05-17 Libros-BMC

Powered by Koha